Lịch sử văn minh thế giới

Tallennettuna:
Bibliografiset tiedot
Aineistotyyppi: Sách
Kieli:Undetermined
Julkaistu:  Giáo dục  2010
Aiheet:
Tagit: Lisää tagi
Ei tageja, Lisää ensimmäinen tagi!
Thư viện lưu trữ: Trung tâm Thư viện - Trường Đại học Công nghiệp TP. Hồ Chí Minh
LEADER 00417nam a2200133Ia 4500
001 UIH_03399
008 231011s9999 xx 000 0 und d
082 |a  909 
245 0 |a  Lịch sử văn minh thế giới 
260 |b  Giáo dục 
260 |c  2010 
650 |a  Lịch sử văn minh;  
927 |a Sách 
980 |a Trung tâm Thư viện - Trường Đại học Công nghiệp TP. Hồ Chí Minh